[Event "6th Tilburg Interpolis it"]
[Site "Tilburg NED"]
[Date "1982.10.01"]
[Round "2"]
[White "Karpov, Anatoly"]
[Black "Petrosian, Tigran"]
[Result "1-0"]
[WhiteElo "2700"]
[BlackElo "2605"]
[EventDate "1982.09.30"]
[PlyCount "83"]

1. e4 c6 2. d4 d5 3. Nd2 dxe4 4. Nxe4 Nd7 5. Bc4 Ngf6 6. Ng5 e6 7. Qe2 Nb6 8.
Bb3 h6 9. N5f3 a5 10. a3 a4 11. Ba2 c5 12. c3 Bd7 13. Ne5 cxd4 14. cxd4 Be7 15.
Ngf3 O-O 16. O-O Be8 17. Bd2 Nbd5 18. Rfc1 Qb6 19. Bc4 Bc6 20. Re1 Nc7 21. Nxc6
bxc6 22. Bf4 Ncd5 23. Be5 Rfd8 24. Rad1 Bd6 25. Rd2 Bxe5 26. dxe5 Nd7 27. g3
Nf8 28. Red1 Rd7 29. Qe4 Rb7 30. Rc2 Rab8 31. Rdd2 Ne7 32. Kg2 Qa5 33. h4 Rd7
34. Be2 Rd5 35. Rd4 Rxd4 36. Qxd4 Nd5 37. Rxc6 Qa8 38. Rc4 Qb7 39. Rc2 Nb6 40.
Bb5 Ng6 41. Qd6 Qa8 42. Bc6 1-0

[Event "6th Tilburg Interpolis it"]
[Site "Tilburg NED"]
[Date "1982.10.05"]
[Round "4"]
[White "Huebner, Robert"]
[Black "Larsen, Bent"]
[Result "1/2-1/2"]
[WhiteElo "2630"]
[BlackElo "2595"]
[EventDate "1982.09.30"]
[PlyCount "107"]

1. d4 Nf6 2. c4 c5 3. d5 g6 4. Nc3 Bg7 5. e4 O-O 6. Nf3 d6 7. Be2 e6 8. O-O Re8
9. h3 Na6 10. Bg5 h6 11. Be3 exd5 12. exd5 Bf5 13. Qd2 Kh7 14. Bd3 Qd7 15. Rfe1
Ne4 16. Bxe4 Bxe4 17. Nxe4 Rxe4 18. Qc2 Rae8 19. Bd2 f5 20. Qb3 Bd4 21. Bc3
Bxc3 22. Qxc3 Qg7 23. Qb3 R8e7 24. Kf1 b6 25. Nd2 Rxe1+ 26. Rxe1 Rxe1+ 27. Kxe1
Qe5+ 28. Kd1 Nb8 29. Nf3 Qe7 30. Kd2 Nd7 31. Qe3 Qxe3+ 32. Kxe3 g5 33. g3 Kg6
34. Nd2 Nf6 35. f4 g4 36. h4 a6 37. a3 Kf7 38. Kd3 Ke7 39. b3 Kd7 40. Kc3 b5
41. Kd3 Kc7 42. Kc2 Kd8 43. Kd3 Ke7 44. Ke3 a5 45. a4 bxa4 46. bxa4 Nd7 47. Nb3
Nb6 48. Nxa5 Nxa4 49. Kd3 Kd8 50. Kc2 Nb6 51. Kc3 Nd7 52. Nb3 Nf6 53. Nd2 Kc7
54. Kc2 1/2-1/2

[Event "6th Tilburg Interpolis it"]
[Site "Tilburg NED"]
[Date "1982.10.06"]
[Round "5"]
[White "Larsen, Bent"]
[Black "Browne, Walter Shawn"]
[Result "0-1"]
[WhiteElo "2595"]
[BlackElo "2590"]
[EventDate "1982.09.30"]
[PlyCount "56"]

1. c4 c5 2. g3 g6 3. d4 cxd4 4. Qxd4 Nf6 5. Bg2 Nc6 6. Qd2 Bg7 7. Nc3 O-O 8.
Nh3 Na5 9. Qd3 Qc7 10. Nd5 Nxd5 11. cxd5 d6 12. O-O Bd7 13. Rb1 Nc4 14. Bg5
Nxb2 15. Qb3 h6 16. Bxh6 Bxh6 17. Rxb2 b5 18. Rc2 Qa5 19. Nf4 Bxf4 20. gxf4
Rac8 21. h4 Rxc2 22. Qxc2 Rc8 23. Qe4 Kf8 24. h5 Bf5 25. Qd4 Qc3 26. Qxa7 gxh5
27. e4 Bh3 28. Qb7 Qg7 0-1

[Event "6th Tilburg Interpolis it"]
[Site "Tilburg NED"]
[Date "1982.10.06"]
[Round "5"]
[White "Nunn, John Denis Martin"]
[Black "Andersson, Ulf"]
[Result "1/2-1/2"]
[WhiteElo "2565"]
[BlackElo "2610"]
[EventDate "1982.09.30"]
[PlyCount "62"]

1. e4 c5 2. Nf3 d6 3. d4 cxd4 4. Nxd4 Nf6 5. Nc3 e6 6. g4 h6 7. h4 Nc6 8. Rg1
h5 9. g5 Ng4 10. Be2 Qb6 11. Bxg4 hxg4 12. Nxc6 bxc6 13. Qxg4 d5 14. g6 f6 15.
h5 Bc5 16. Rg2 e5 17. Qf3 Ba6 18. exd5 O-O-O 19. Bd2 cxd5 20. O-O-O Bb7 21. Na4
Qc6 22. Nxc5 Qxc5 23. h6 d4 24. Qf5+ Kb8 25. hxg7 Rhg8 26. Rh2 Rc8 27. Bh6 Bd5
28. f4 Qc6 29. Qd3 Be4 30. Qb3+ Ka8 31. Rf1 Bd5 1/2-1/2

[Event "6th Tilburg Interpolis it"]
[Site "Tilburg NED"]
[Date "1982.10.06"]
[Round "5"]
[White "Torre, Eugenio"]
[Black "Huebner, Robert"]
[Result "1/2-1/2"]
[WhiteElo "2535"]
[BlackElo "2630"]
[EventDate "1982.09.30"]
[PlyCount "73"]

1. d4 d5 2. Nf3 Nf6 3. c4 dxc4 4. Nc3 c6 5. a4 Bf5 6. Ne5 Nbd7 7. Nxc4 Qc7 8.
g3 e5 9. dxe5 Nxe5 10. Bf4 Nfd7 11. Bg2 Be6 12. Nxe5 Nxe5 13. Qd4 f6 14. a5 a6
15. Ne4 Rd8 16. Qc3 Bd5 17. O-O Bxe4 18. Bxe4 Bd6 19. Qc2 g6 20. Bd2 Qe7 21.
Ra4 O-O 22. Qb3+ Kg7 23. Bc3 Qf7 24. Qxf7+ Rxf7 25. Rd1 Rfd7 26. Rad4 Bc7 27.
Rxd7+ Rxd7 28. Rxd7+ Nxd7 29. f4 Kf7 30. Kg2 f5 31. Bc2 Nf6 32. Kf3 Bd6 33. h3
h5 34. e4 fxe4+ 35. Bxe4 Nxe4 36. Kxe4 Ke6 37. g4 1/2-1/2

[Event "6th Tilburg Interpolis it"]
[Site "Tilburg NED"]
[Date "1982.10.11"]
[Round "8"]
[White "Karpov, Anatoly"]
[Black "Larsen, Bent"]
[Result "1-0"]
[WhiteElo "2700"]
[BlackElo "2595"]
[EventDate "1982.09.30"]
[PlyCount "89"]

1. e4 c6 2. d4 d5 3. Nd2 dxe4 4. Nxe4 Bf5 5. Ng3 Bg6 6. h4 h6 7. Nf3 Nd7 8. h5
Bh7 9. Bd3 Bxd3 10. Qxd3 e6 11. Bf4 Bb4+ 12. c3 Be7 13. Ne4 Ngf6 14. Nd6+ Bxd6
15. Bxd6 Qa5 16. Bb4 Qc7 17. Ba3 b5 18. Qe2 Nd5 19. Qd2 a5 20. Rc1 Qb8 21. c4
b4 22. cxd5 cxd5 23. g4 bxa3 24. bxa3 Qd6 25. Qe3 Rb8 26. Kf1 O-O 27. g5 hxg5
28. Qxg5 Qxa3 29. h6 Qd3+ 30. Kg2 Qh7 31. Rh3 f6 32. Qe3 Qe4 33. hxg7 Kxg7 34.
Rc7 Rbd8 35. Rg3+ Kf7 36. Qc3 Qh7 37. Qc6 Ke7 38. Qc5+ Ke8 39. Qd6 Qe7 40. Qc6
Rh8 41. Nh4 Qf7 42. Nf5 exf5 43. Re3+ Kf8 44. Qd6+ Kg7 45. Rg3+ 1-0

[Event "6th Tilburg Interpolis it"]
[Site "Tilburg NED"]
[Date "1982.10.13"]
[Round "9"]
[White "Larsen, Bent"]
[Black "Petrosian, Tigran"]
[Result "1/2-1/2"]
[WhiteElo "2595"]
[BlackElo "2605"]
[EventDate "1982.09.30"]
[PlyCount "84"]

1. c4 Nf6 2. Nf3 e6 3. Nc3 d5 4. d4 c5 5. cxd5 Nxd5 6. e4 Nxc3 7. bxc3 cxd4 8.
cxd4 Nc6 9. Be2 Bb4+ 10. Bd2 Bxd2+ 11. Qxd2 O-O 12. Rc1 Qd6 13. O-O Bd7 14. d5
exd5 15. Qxd5 Qe7 16. Bc4 Be6 17. Qh5 Bxc4 18. Rxc4 Rad8 19. h3 Rd7 20. Re1 g6
21. Qh6 Ne5 22. Nxe5 Qxe5 23. Qe3 b6 24. f4 Qe6 25. Rc2 Rfd8 26. Kh2 b5 27. Qg3
b4 28. f5 Qf6 29. fxg6 hxg6 30. e5 Qe7 31. e6 Rd3 32. Rc7 Qxe6 33. Rxe6 Rxg3
34. Rf6 Rc3 35. Rxa7 Rf8 36. Rb6 Ra3 37. Rxa3 bxa3 38. Ra6 Rc8 39. Rxa3 Rc2 40.
Kg3 Kg7 41. Kf3 f5 42. Ra4 g5 1/2-1/2

[Event "6th Tilburg Interpolis it"]
[Site "Tilburg NED"]
[Date "1982.10.13"]
[Round "9"]
[White "Sosonko, Gennadi"]
[Black "Torre, Eugenio"]
[Result "1-0"]
[WhiteElo "2575"]
[BlackElo "2535"]
[EventDate "1982.09.30"]
[PlyCount "57"]

1. d4 d5 2. c4 c6 3. Nf3 Nf6 4. Nc3 dxc4 5. a4 Bf5 6. Ne5 e6 7. f3 Bb4 8. e4
Bxe4 9. fxe4 Nxe4 10. Qf3 Qxd4 11. Qxf7+ Kd8 12. Bg5+ Kc8 13. Qxe6+ Nd7 14.
Qxd7+ Qxd7 15. Nxd7 Nxc3 16. bxc3 Bxc3+ 17. Kd1 Bxa1 18. Nc5 b6 19. Ne6 b5 20.
Be2 a6 21. Rf1 h6 22. Bh4 Kd7 23. Nc5+ Kd6 24. Nb7+ Ke5 25. Bg3+ Ke6 26. Bg4+
Ke7 27. Bd6+ Ke8 28. Bh5+ Kd7 29. Re1 1-0

[Event "6th Tilburg Interpolis it"]
[Site "Tilburg NED"]
[Date "1982.10.14"]
[Round "10"]
[White "Torre, Eugenio"]
[Black "Larsen, Bent"]
[Result "1-0"]
[WhiteElo "2535"]
[BlackElo "2595"]
[EventDate "1982.09.30"]
[PlyCount "67"]

1. d4 Nf6 2. c4 e6 3. Nc3 Bb4 4. e3 c5 5. Nge2 cxd4 6. exd4 d5 7. a3 Bxc3+ 8.
Nxc3 O-O 9. c5 Nc6 10. Bg5 h6 11. Bh4 e5 12. dxe5 Nxe5 13. Be2 d4 14. Bxf6 gxf6
15. Ne4 b6 16. Qd2 f5 17. Ng3 Re8 18. O-O bxc5 19. Qxh6 Re6 20. Qf4 Ng6 21.
Qxf5 Rxe2 22. Qf3 Bg4 23. Qxg4 Rxb2 24. Rac1 d3 25. Rxc5 d2 26. Nf5 Qf6 27. Rc6
Qe5 28. Nh6+ Kf8 29. Qc4 Qf4 30. Qc5+ Kg7 31. Qc3+ Kxh6 32. Qxb2 Re8 33. g3 Re1
34. Qh8+ 1-0